000 00805nam a2200229Ii 4500
003 JO-AjNU
008 230605s9999||||xx |||||||||||||| ||und||
017 _a2011/4/1670
020 _a978-9957-83-056-4
040 _aJO-AjNU
_bara
_erda
_cJO-AjNU
041 _aara
050 1 4 _aTS176.D33.2012
100 3 _aالدهشان، محمد بشير، م مشارك احمد عبدالرحمن عبدربه,
_eauthor
_951433
245 0 0 _aالمشاغل الهندسية=Engineering Workshop ،ج2
250 _aط1
264 3 1 _aعمان:مكتبة المجتمع العربي,2012
300 _aج2، 282ص
336 _atext
_btxt
_2rdacontent
337 _aunmediated
_bn
_2rdamedia
338 _avolume
_bnc
_2rdacarrier
650 4 _aالصناعات الهندسية- صهر المعادن
_951434
999 _aA22717
_c26285
_d26285